000 00295nam a2200145Ia 4500
100 _aDouglas/J.F
942 _cBK
654 _aFluid Mechanics
245 _aFluid Mechanics
260 _bPitman
_aLondon
_c1983
082 _a532
_bDou/Gas
300 _a721
546 _aENGLISH
999 _c22429
_d22429